• 首页
  • 本馆介绍
  • 公告通知
  • 最新文献
  • 馆藏检索
  • 电子资源
  • 读者导购
  • 参考咨询
  • 我的图书馆
  • 登录
  • 详细信息显示
  • 放入我的书架
  • 预约/预借图书
  • 作者相关作品
  • 分类相关作品
  • 丛书相关作品
  • 出版社相关作品

书目信息

  • 表格格式
  • 工作单格式
  • 卡片格式
题名:
密码学与网络安全应用研究
    
 
作者: 朱林 著
分册:  
出版信息: 北京   北京工业大学出版社  2021.4
页数: 249页
开本: 24cm
丛书名:
单 册:
中图分类: TN918.1 , TP393.08
科图分类:
主题词: 密码学--研究 , 计算机网络--网络安全--研究
电子资源:
ISBN: 978-7-5639-7145-9
000 00893nam0 2200253 45
001 012001001113
005 20140912161756.0
010    @a978-7-5639-7145-9@dCNY81.00
100    @a20200806d2019 em y0chiy50 ea
101 0  @achi
102    @aCN@b110000
105    @aa z 000yy
106    @ar
200 1  @a密码学与网络安全应用研究@Ami ma xue yu wang luo an quan ying yong yan jiu@b专著@f朱林著
210    @a北京@c北京工业大学出版社@d2021.4
215    @a249页@c图@d24cm
330    @a本书共十一章,内容包括:信息安全概述、信息加密技术、网络攻击与防范、防火墙技术、入侵检测技术、计算机病毒及其防治、无线网络安全、VPN技术、日常上网的安全防范、大数据安全、软件保护。
606 0  @a密码学@x研究
606 0  @a计算机网络@x网络安全@x研究
690    @aTN918.1@v5
690    @aTP393.08@v5
701  0 @a朱林@Azhu lin@4著
801  0 @aCN@bBJSDL@c20211011
905    @b1333096-9@dTN918.1@e246@f4
    
    密码学与网络安全应用研究/朱林著.-北京:北京工业大学出版社,2021.4
    249页:图;24cm
    
    
    ISBN 978-7-5639-7145-9:CNY81.00
    本书共十一章,内容包括:信息安全概述、信息加密技术、网络攻击与防范、防火墙技术、入侵检测技术、计算机病毒及其防治、无线网络安全、VPN技术、日常上网的安全防范、大数据安全、软件保护。
●
相关链接 在E读中查询图书 在五车中查询图书 在当当中查询图书 在豆瓣中查询图书


正题名:密码学与网络安全应用研究     索取号:TN918.1/246         预约/预借

序号 登录号 条形码 馆藏地/架位号 状态 备注
1 1333096   213330965   第二样本阅览室/ [索取号:TN918.1/246] 在馆    
2 1333097   213330974   第三借阅区/ [索取号:TN918.1/246] 在馆    
3 1333098   213330983   第三借阅区/ [索取号:TN918.1/246] 在馆    
4 1333099   213330992   第三借阅区/ [索取号:TN918.1/246] 在馆    
唐山师范学院图书馆 欢迎您!
大连网信软件有限公司© 版权所有